| 000 | 01714cam a2200493 i 4500 | ||
|---|---|---|---|
| 001 | data | ||
| 005 | 20260322212112.0 | ||
| 008 | data | ||
| 035 | _a22330506 | ||
| 906 |
_a7 _bcbc _ccopycat _d3 _encip _f20 _gy-gencatlg |
||
| 925 | 0 |
_aacquire _b2 shelf copies _xpolicy default _zAssign to S&B RR |
|
| 010 | _a 2021951713 | ||
| 015 |
_aGBC206448 _2bnb |
||
| 016 | 7 |
_a020450044 _2Uk |
|
| 020 |
_a9780192893468 _q(pbk.) |
||
| 020 |
_a0192893467 _q(pbk.) |
||
| 035 | _a(OCoLC)1295099478 | ||
| 040 |
_aUKMGB _beng _cUKMGB _erda _dDLC _dOCLCF _dOCLCO _dCDX _dLDS _dDLC |
||
| 042 | _alccopycat | ||
| 050 | 0 | 0 |
_aHF5415 _b.B26 2022 |
| 082 | 0 | 4 |
_a658.8 _223 |
| 100 | 1 |
_aBaines, Paul, _d1973- _eauthor. |
|
| 245 | 1 | 0 |
_aMarketing / _cPaul Baines, Sara Rosengren, Paolo Antonetti. |
| 250 | _aSixth edition. | ||
| 264 | 1 |
_aNew York, NY : _aNew York, NY : _bOxford University Press, _c[2022] |
|
| 264 | 4 | _c©2022 | |
| 300 |
_axxxii, 750 pages : _billustrations (chiefly colour) ; _c27 cm |
||
| 336 |
_atext _btxt _2rdacontent |
||
| 336 |
_astill image _bsti _2rdacontent |
||
| 337 |
_aunmediated _bn _2rdamedia |
||
| 338 |
_avolume _bnc _2rdacarrier |
||
| 504 | _aIncludes bibliographical references and index. | ||
| 650 | 0 | _aMarketing. | |
| 650 | 0 |
_aMarketing _xManagement. |
|
| 650 | 2 | _aMarketing | |
| 650 | 6 | _aMarketing. | |
| 650 | 6 |
_aMarketing _xGestion. |
|
| 650 | 7 |
_amarketing. _2aat |
|
| 650 | 7 |
_aMarketing. _2fast _0(OCoLC)fst01010167 |
|
| 650 | 7 |
_aMarketing _xManagement. _2fast _0(OCoLC)fst01010209 |
|
| 700 | 1 |
_aRosengren, Sara, _eauthor. |
|
| 700 | 1 |
_aAntonetti, Paolo, _eauthor. |
|
| 999 |
_c1684 _d1684 |
||